Statistics for Most-Viewed YouTube Music Videos

Click here to take the quiz!

General Stats

  • This quiz has been taken 122,477 times
    (16,142 since last reset)
  • The average score is 18 of 31

Answer Stats

SongArtist% Correct
Thinking Out Loud / Shape of You / PerfectEd Sheeran
95%
Blank Space / Shake it OffTaylor Swift
93%
Sorry / BabyJustin Bieber
91%
Roar / Dark HorseKaty Perry
91%
The Lazy SongBruno Mars
86%
Waka Waka (This Time for Africa) / ChantajeShakira
86%
Gangnam StylePsy
84%
HelloAdele
83%
Sugar / Girls Like YouMaroon 5
74%
ChandelierSia
73%
DespacitoLuis Fonsi
68%
All About That BassMeghan Trainor
67%
Counting StarsOneRepublic
62%
See You AgainWiz Khalifa
60%
Love the Way You LieEminem
59%
BelieverImagine Dragons
59%
We Don't Talk AnymoreCharlie Puth
56%
New RulesDua Lipa
56%
Stressed OutTwenty One Pilots
56%
Uptown FunkMark Ronson
54%
CloserThe Chainsmokers
52%
Let Her GoPassenger
46%
FadedAlan Walker
42%
Lean OnMajor Lazer /
DJ Snake
38%
Work From HomeFifth Harmony
33%
This is What You Came ForCalvin Harris
32%
Con CalmaDaddy Yankee
31%
BailandoEnrique Iglesias
31%
Mi Gente
J Balvin /
Willy William
25%
RockabyeClean Bandit
24%
CalmaPedro Capó
7%

Score Distribution

Percentile by Number Answered

Percent of People with Each Score

Your Score History

You have not taken this quiz since the last reset